Click a Roger Quiz Stats

Quiz Updated Jul 18, 2015

Also try: Click an Ed
Challenge
Share
Tweet
Embed
Score 0/20 Timer 03:00
0 Plays Today
% Correct
Federer
93.6%
Moore
91.4%
Daltrey
76.8%
Clemens
66.1%
Bannister
63.7%
Goodell
62.8%
Staubach
62.7%
Maris
58.1%
Waters
54%
Taylor
39.1%
% Correct
Corman
34%
Mudd
33.3%
Bacon
32.1%
Williams
31.6%
McGuinn
28.6%
Chaffee
27.1%
Lloyd-Pack
25.2%
Penrose
24.7%
Smith
24.4%
Avary
14.7%

You're not logged in!

Compare scores with friends on all Sporcle quizzes.
Sign Up with Email
OR
Log In

You Might Also Like...

Show Comments

Extras

Top Quizzes Today


Score Distribution

Your Account Isn't Verified!

In order to create a playlist on Sporcle, you need to verify the email address you used during registration. Go to your Sporcle Settings to finish the process.